000 01061nam a22003377a 4500
003 CHAP
005 20220329134129.0
008 971013s1970 us r 00010 eng d
010 _a15855
011 _a16827
035 _a20909
040 _cCHAP
082 0 4 _a519.2
_bH6 1970
100 0 0 _aHodges, J. L., Jr.
_955740
245 1 _aBasic concepts of probability and statistics,
250 _a2 ed.
260 _aSan Francisco, Calif. :
_bHolden-Day,
_c1970
300 _a441 p.
490 _aHolden Day series in probability and statistics
590 _aBATCH-UPD
_b10
_c20130110
_lUCH01
_h1628
590 _aBATCH-UPD
_b10
_c20130410
_lUCH01
_h1021
590 _aBATCH-UPD
_b10
_c20130914
_lUCH01
_h1323
590 _aCONVERSION
_b10
_c20130109
_lUCH01
_h1310
650 1 4 _aEstadística.
_938241
650 1 4 _aProbabilidades.
_991687
700 0 _aLehmann, L.
_965879
830 0 _aHolden Day series in probability and statistics
_955907
901 _aBK
942 _cLIBRO
949 _a519.2 H6 1970
_bBC
_cLIBRO
_d33724000767000
_eLIBRO
_h36010
_i20909
_si
999 _c15855
_d15855